000
00285nam a2200121Ia 4500
008
191201s2003 xx 000 0 und d
100
_a
CHATTOPADHYAY,R
245
0
_a
Technology of Carding
260
_c
2003
_b
NCUTE-IIT DELHI
300
_a
208
650
_a
B.Tech(TE)
942
_2
ddc
_c
BK
999
_c
6805
_d
6805